000 01308nam a22003977a 4500
001 0051542
003 KOHA_MİRAKIL
005 20260207003809.0
007 ta
008 150629b2011 tu |||gr||||#||||0|tur |
020 _a9786053953746
040 _aTR-BiSEU
_btur
_cTR-BiSEU
_erda
041 0 _atur
044 _ctu
050 _aBP75.3
_b.S26 2011
100 1 _aSarıçam, İbrahim.
245 1 _aİngiliz ve Alman oryantalistlerin Hz. Muhammed tasavvuru/
_cİbrahim Sarıçam ; İbrahim Sarıçam, Mehmet Özdemir, Seyfettin Erşahin.
264 1 _aAnkara :
_bNobel Yayın Dağıtım
_c2011
300 _aVIII, 512 sayfa ;
_c24 cm.
336 _ametin
_btxt
_2rdacontent
337 _aaracısız
_bn
_2rdamedia
338 _acilt
_bnc
_2rdacarrier
490 1 _a Nobel Yayın ;
_vNo.
490 1 _a1564.
490 1 _aFikir ve Kültür Eserleri ;
_v11.
500 _aKaynakça var.
500 _aDizin var.
650 0 _aHz. Muhammed, Peygamber, 571-632--Biyografi ve Eleştiri.
_995924
650 0 _aOryantalizm.
_969678
650 0 _aMuhammad, Prophet, 571-632--Biography and Criticism.
_995925
650 0 _aOrientalis.
_995926
830 1 _a Nobel Yayın ;
_vNo.
_995224
830 1 _a1564.
_995927
830 1 _aFikir ve Kültür Eserleri ;
_v11.
_949877
942 _2lcc
_cBK
999 _c51365
_d51365